000 00420nam a2200181Ia 4500
001 13814
005 20260306164828.0
008 260306t2015||||xx |||||||||||||| ||spa||
041 _aESP
082 _a005.3
_bP26
100 _aParedes Bruno, Poul Jim Estiwarth
_eAUT
245 0 _aWord 2013
260 _c2015
300 _a326 páginas :
_c25 cm.
650 _aGEN
654 _aCCC
942 _cLIB
_dJUS
_fJUS
_2ddc
_n
999 _c13814
_d13814